000 00642nam a22001937a 4500
005 20251108172711.0
008 250721s2003 xx 000 0 ara d
082 1 4 _aم/213.63/جوز
100 1 _aإبن الجوزي، أبو الفرج عبد الرحمن بن علي
_eمؤلف
245 1 0 _aالموضوعات :
_bدراسة وتحقيقا وترجمه /
250 _aط3.
264 1 _aأبو ظبي :
_bمؤسسة النداء،
_c2003.
300 _a4مج
650 1 7 _aعلوم الحديث
650 1 7 _aالحديث الموضوع
700 1 _aالقيسية، محمود
_eمحقق
942 _2ddc
_cREF
999 _c86266
_d86266